000 00351 a2200169 4500
001 182107
020 _a85-357-0232-6
040 _cMagnum
100 _aCunha, Leo
240 1 0 _aPão e circo
_lpor
245 1 0 _aPão e circo
300 _a39
362 0 _a2002
440 1 _aAtual Editora
697 _aLITERATURA INFANTO-JUVENIL
942 _cBK
999 _c182107
_d182107